000
00426nam a22001217a 4500
003
SGT
082
_a
891.4309
_b
S99R
100
_a
राही, रामचंद्र
245
_a
सौम्यमूर्ति : सोमभाई : अभिनंदन ग्रन्थ
260
_b
सोमभाई राष्ट्रीय अभिनंदन समिति
_c
1999
300
_a
245
942
_2
ddc
_c
BK
999
_c
31432
_d
31432